000 00278nam a2200121Ia 4500
005 20251222154307.0
008 251222s9999||||xx |||||||||||||| ||spa||
082 _a868.6/U53A
100 _a"Unamuno, Miguel de"
245 0 _aAmor y pedagogĂ­a
250 _a8a.ed.
942 _cLIB
999 _c33261
_d33261